पौधों की अनोखी दुनिया / (Record no. 67368)

MARC details
000 -LEADER
fixed length control field 00786 aa a2200217 4500
005 - DATE AND TIME OF LATEST TRANSACTION
control field 2012053004374.0
010 ## - LCCN (DPL NO)
LC control number
020 ## - INTERNATIONAL STANDARD BOOK NUMBER
Terms of availability 125.00
International Standard Book Number
035 ## - SYSTEM CONTROL NUMBER
System control number B-205289
037 ## - SOURCE OF ACQUISITION
Source of stock number/acquisition pub
082 ## - DEWEY DECIMAL CLASSIFICATION NUMBER
Classification number 581
100 ## - MAIN ENTRY--PERSONAL NAME
Personal name अधीर, वीरकुमार
245 ## - TITLE STATEMENT
Title पौधों की अनोखी दुनिया /
Statement of responsibility, etc वीरकुमार अधीर
246 ## - VARYING FORM OF TITLE
Title proper/short title
Remainder of title
260 ## - PUBLICATION, DISTRIBUTION, ETC. (IMPRINT)
Place of publication, distribution, etc दिल्ली
Name of publisher, distributor, etc प्रेम प्रकाशन मन्दिर
Date of publication, distribution, etc 2005
270 ## - ADDRESS
Address
City
Postal code
300 ## - PHYSICAL DESCRIPTION
Extent 88पृ
Dimensions 22 सेमी (अजिल्द)
490 ## - SERIES STATEMENT
Series statement
-- 48232
942 ## - ADDED ENTRY ELEMENTS (KOHA)
Institution code [OBSOLETE] dpl
Item type Hindi Books
Call number prefix
Source of classification or shelving scheme Dewey Decimal Classification
Classification part 581
Call number suffix अधीर
Holdings
Withdrawn status Lost status Not for loan Collection code Home library Current library Date acquired Cost, normal purchase price Full call number Barcode Cost, replacement price Koha item type Public note
      Non-fiction Sarojini Nagar Sarojini Nagar 30/05/2012 125.00 581 अधीर B-205289 125.00 Hindi Books Withdrawn List Prepared List No.37/15

© Delhi Public Library
Hit Counter
free hit counter